Využitie medi a niklu z krompašského vyčerpaného elektrolytu pre práškovú metalurgiu

Podrobná bibliografia
Hlavní autori: Molnár, F. (Author), Dudrová, E. (Author), Schmiedl, J. (Author)
Médium: Článok
Jazyk:Slovak
Témy:
Zdroj: 1. Využitie kovonosných surovín 1. Banská Bystrica : Dom techniky ČSVTS, 1989 1. S. 71-79
LEADER 01120naa#a2200421#ar4500
001 000102486
003 SVKKK
005 20101020094820.0
008 101020c1989 xo #|0||||||||0|||b|slo
FMT
015 |a SNBRA2010/10 
038 |a SVKKK 
040 |a SVKKK  |b slo  |e AACR2 
041 0 |a slo  |b eng 
044 |a xo  |c SK 
080 |a 669.33  |2 1997 
080 |a 669.24  |2 1997 
080 |a 621.762  |2 1997 
100 1 |a Molnár, F.  |4 aut 
245 1 0 |a Využitie medi a niklu z krompašského vyčerpaného elektrolytu pre práškovú metalurgiu  |c F. Molnár, E. Dudrová, J. Schmiedl 
300 |b Obr., tab. 
504 |a Bibliogr. odkazy 
546 |a Res. angl. 
650 0 4 |a prášková metalurgia 
650 0 4 |a meď 
650 0 4 |a nikel 
650 0 4 |a extrakcia 
650 0 4 |a vyčerpaný elektrolyt  |x využitie 
700 1 |a Dudrová, E.  |4 aut 
700 1 |a Schmiedl, J.  |4 aut 
773 0 |t Využitie kovonosných surovín  |d Banská Bystrica : Dom techniky ČSVTS, 1989  |g S. 71-79 
958 |a RK 
958 |a NB 
974 |a Ma 
992 |a RZB 
BAS
852 |a SVKKK  |b BIB 
998 |a HUT